Praktischer Umwelt- und Naturschutz /

Gespeichert in:
Bibliographische Detailangaben
1. Verfasser: Barth, Wolf-Eberhard (Verfasst von)
Format: Buch
Sprache:Deutsch
Veröffentlicht: Hamburg : P.Parey, 1987
Tags: Tag hinzufügen
Keine Tags, Fügen Sie das erste Tag hinzu!

MARC

LEADER 00000nam a22000003a 4500
001 stu29072
005 20150617225738.5
008 950530s1987----gw------------------ger-d
040 |a STU  |b slo 
041 0 |a ger 
044 |a gw 
080 |a 628.165 
100 1 |a Barth, Wolf-Eberhard  |4 aut 
245 1 |a Praktischer Umwelt- und Naturschutz /  |c [aut]Barth,Wolf-Eberhard 
260 |a Hamburg :  |b P.Parey,  |c 1987 
300 |a 310 s 
996 |c V*36692/O-15352  |l VV18  |s P  |a 0  |w stu29072_0001